Gramatyka w nauce języka polskiego - Statystyki

Ogólne statystyki
  • Ten quiz został rozwiązany 32 razy
  • Średni wynik to 1 z 6
Answers on the Grid
Answers color-coded by a green-red scale on the quiz's grid according to % correct below.
Brak uczenia gramatyki w metodzie naturalnej
W metodzie komunikacyjnej gramatyka nie jest istotna
Znajomość gramatyki to rozumienie kodu
Gramatyka naukowa różni się od gramatyki pedagogicznej
Gramatyka pedagogiczna jest amalgamatem różnych kwestii gramatyki naukowej
Uczniowie muszą opanować wyłącznie minimum wiedzy o gramatyce
Władysław Miodunka jako drugi opisał programy nauczania gramatyki w JPJO
Dla uczniów opanowanie gramatyki może być ekscytujące
Wystarczy 200 godzin systematycznej pracy, aby opanować gramatykę języka polskiego
Gramatyka jest celem sama w sobie
Dryl językowy jest jedną z technik automatyzujących
Substytucję dzielimy na pojedynczą, podwójną i potrójną
Należy poprawiać błędy gramatyczne
Każde zajęcia muszą zawierać ćwiczenia komunikacyjne
 
Statystyki odpowiedzi
Odpowiedź % Poprawnych
Brak uczenia gramatyki w metodzie naturalnej
46%
Gramatyka naukowa różni się od gramatyki pedagogicznej
31%
Gramatyka pedagogiczna jest amalgamatem różnych kwestii gramatyki naukowej
23%
Dryl językowy jest jedną z technik automatyzujących
15%
Każde zajęcia muszą zawierać ćwiczenia komunikacyjne
15%
Należy poprawiać błędy gramatyczne
15%
Nie znaleziono quizów pasujących do podanych kryteriów
Rozkład punktacji
Procent ludzi z każdym wynikiem
Percentyl według liczby udzielonych odpowiedzi
Twoja historia wyników
Nie rozwiązałeś tego quizu